LEADER 00973nam a2200253 i 4500 001 000000233000 003 CaOOAMICUS 005 20140911000000.0 008 140911s2007 it u000 u ita u 013 $a211903 020 $a978-88-11-74064-3 040 $aSeMil$bita 100 1 $aFest, Joachim,$d<1926-2006>.$0(OLS)http://semarc/name/16440 245 10$aIo no :$bricordi d'infanzia e gioventù /$cJoachim Fest. 260 $aMilano :$bGarzanti,$c2007. 300 $a378 p., [8] p. di tav. :$bill. ;$c22 cm. 490 0 $aSaggi 830 0$aSaggi.$0(OLS)http://semarc/title/341 850 $aSeMil 852 $aSeMil$W1$xVenegono$y1$m1V III 209$j183346$B183346$CSeMilBibl$Z2$F195089 $81 961 $aLascito: Serenthà don Mario 996 $6020$a978-88-11-74064-3$9(OLS)http://semarc/number/236795 996 $6245$aIo no :$bricordi d'infanzia e gioventù$9(OLS)http://semarc/title/332475 996 $6260$aMilano :$bGarzanti$9(OLS)http://semarc/publisher/29852 LEADER 01320nam a2200301 i 4500 001 000000040010 003 CaOOAMICUS 005 20240717103003.0 008 070423s1964 it u000 u ita u 040 $aSeMil$bita 100 1 $aPolo, Marco,$d<1254-1324>.$0(OLS)http://semarc/name/19489 240 10$aMilione.$0(OLS)http://semarc/title/433664 245 13$aIl milione /$cMarco Polo ; a cura di Ranieri Allulli. 250 $a3. ed. 264 1$a[Milano] :$bArnoldo Mondadori Editore,$c1964. 300 $aLV, 533 p., [16] p. di tav. ;$c18 cm. 490 1 $aI classici Mondadori 500 $aIn mezzo al front : Con 16 tavole a colori fuori testo. 650 4$aViaggi - Descrizioni letterarie - Asia - sec. 13.$0(OLS)http://semarc/subject/55901 650 4$aPolo, Marco <1254-1324> . Il Milione.$0(OLS)http://semarc/subject/46692 700 1 $aAllulli, Ranieri.$0(OLS)http://semarc/name/19490 830 2$aI classici Mondadori.$0(OLS)http://semarc/title/23259 850 $aSeMil 852 $aSeMil$W1$xVenegono$y1$m1C III 48$j6165$B6165$CSeMilBibl$Z2$F6165 $81 961 $aOmaggio: Ciprandi dott. Paolo 996 $6245$aIl milione$9(OLS)http://semarc/title/57288 996 $6264$a[Milano] :$bArnoldo Mondadori Editore$9(OLS)http://semarc/publisher/29634